Podpora rozvoja adrenalínových športov vytvorením multifunkčného areálu ExtremePark diplomová práca

Guardado en:
Detalles Bibliográficos
Autor principal: Mučička, Ján
Autor Corporativo: Obchodná fakulta EU. Katedra služieb a cestovného ruchu - zrušené
Otros Autores: Litomerický, Juraj
Formato: Libro
Lenguaje:eslovaco
Publicado: Bratislava 2010
Etiquetas: Agregar Etiqueta
Sin Etiquetas, Sea el primero en etiquetar este registro!

MARC

LEADER 00000nam$a2200000$$$4500
001 0118607
005 20240318123124.3
041 0 |a slo 
044 |a SK 
245 1 0 |a Podpora rozvoja adrenalínových športov vytvorením multifunkčného areálu ExtremePark  |b diplomová práca  |c Ján Mučička ; škol. Juraj Litomerický 
264 1 |a Bratislava  |c 2010 
300 |a 91 s. 
100 1 |a Mučička, Ján 
700 1 |a Litomerický, Juraj 
710 2 |a Obchodná fakulta EU. Katedra služieb a cestovného ruchu - zrušené